<?xml version="1.0" encoding="UTF-8"?>
<marc:record xmlns:marc="http://www.loc.gov/MARC21/slim">
   <marc:leader>00000nam a2200000 a 4500</marc:leader>
   <marc:datafield ind1="1" ind2=" " tag="100">
      <marc:subfield code="a">Rundell, Katherine</marc:subfield>
      <marc:subfield code="4">aut</marc:subfield>
      <marc:subfield code="e">Verfasser/-in</marc:subfield>
   </marc:datafield>
   <marc:datafield ind1="0" ind2="0" tag="245">
      <marc:subfield code="a">Mitten im Dschungel</marc:subfield>
   </marc:datafield>
   <marc:datafield ind1="0" ind2="0" tag="245">
      <marc:subfield code="c">Katherine Rundell</marc:subfield>
   </marc:datafield>
   <marc:datafield ind1=" " ind2="1" tag="264">
      <marc:subfield code="a">Hamburg</marc:subfield>
      <marc:subfield code="b">Carlsen-Verl.</marc:subfield>
      <marc:subfield code="c">2018</marc:subfield>
   </marc:datafield>
   <marc:datafield ind1="1" ind2=" " tag="520">
      <marc:subfield code="a">Mitten im Dschungel stürzt die kleine Propellermaschine ab und plötzlich sind Fred, Con, Lila und ihr kleiner Bruder Max auf sich allein gestellt. Wo sollen sie einen Unterschlupf und etwas zu essen finden. Und wie kommen sie aus diesem Urwald überhaupt wieder heraus? Immerhin ist ein Fluss in der Nähe und wilde Früchte, und Fred hat genug Abenteuerbücher gelesen, um ein Floß zu bauen. Aber ob das zum Überleben in der Wildnis reicht?</marc:subfield>
   </marc:datafield>
   <marc:datafield ind1=" " ind2=" " tag="020">
      <marc:subfield code="a">9783551554802</marc:subfield>
      <marc:subfield code="9">9783551554802</marc:subfield>
   </marc:datafield>
   <marc:datafield ind1=" " ind2=" " tag="020">
      <marc:subfield code="a">3551554803</marc:subfield>
      <marc:subfield code="9">3551554803</marc:subfield>
   </marc:datafield>
   <marc:datafield ind1=" " ind2=" " tag="500">
      <marc:subfield code="a">IV. - Rechng. : 51/19. - Buchsommer 2019. - Sponsor : Rotary Club Riesa-Elbl. - 11-14 Jahre</marc:subfield>
   </marc:datafield>
   <marc:datafield ind1=" " ind2=" " tag="300">
      <marc:subfield code="a">289 S.</marc:subfield>
   </marc:datafield>
</marc:record>
